Predpoklady napĺňania podmienok členstva v EÚ zo strany SR a ČR v predvstupovom a povstupovom období

Úlohy, ktoré zostali pred novými členskými krajinami po vstupe do EÚ. Prehľad vynegociovaných prechodných období požadovaných SR, ČR a EÚ.

Salvato in:
Dettagli Bibliografici
Autore principale: Báráňová-Čiderová, Denisa, 1977-
Altri autori: Mogyorosiová, Zuzana, 1975-
Natura: Capitolo di libro
Lingua:slovacco
Soggetti:
Tags: Aggiungi Tag
Nessun Tag, puoi essere il primo ad aggiungerne!!

MARC

LEADER 00000naa$a2200000$$$4500
001 0031754
005 20240502071438.6
041 0 |a slo 
044 |a SK 
245 1 0 |a Predpoklady napĺňania podmienok členstva v EÚ zo strany SR a ČR v predvstupovom a povstupovom období  |c Denisa Báráňová-Čiderová, Zuzana Mogyorosiová 
520 |a Úlohy, ktoré zostali pred novými členskými krajinami po vstupe do EÚ. Prehľad vynegociovaných prechodných období požadovaných SR, ČR a EÚ. 
610 2 0 |a Európska únia 
610 2 0 |a Slovensko 
610 2 0 |a spolupráca hospodárska medzinárodná 
610 2 0 |a integrácia 
610 2 0 |a Česko 
610 2 0 |a harmonizácia 
610 2 0 |a obdobie prechodné 
100 1 |a Báráňová-Čiderová, Denisa, 1977- 
700 1 |a Mogyorosiová, Zuzana, 1975-